Les pays où l’on parle français officiellement - Statistiques

Statistiques générales
  • Ce quiz a été pris 324 fois
    304 depuis la dernière actualisation
  • Le résultat moyen est 17 sur 29
Statistiques - réponses
Pays % Correct
France
98%
Belgique
92%
Canada
86%
Suisse
85%
République Démocratique du Congo
79%
Congo
78%
Sénégal
78%
Luxembourg
76%
Côte d’Ivoire
69%
Mali
69%
Cameroun
68%
Monaco
64%
Niger
61%
Guinée
58%
Bénin
56%
Madagascar
56%
Gabon
54%
Togo
52%
Burkina Faso
51%
Tchad
50%
Comores
45%
Haïti
45%
République Centrafricaine
45%
Rwanda
41%
Burundi
37%
Djibouti
37%
Guinée Equatoriale
36%
Seychelles
31%
Vanuatu
26%
Aucun quiz correspondant
Distribution des résultats
% des personnes avec chaque résultat
Percentile par nombre de réponses
Votre historique - résultats
Vous n’avez pas pris ce quiz depuis la dernière actualisation